Quiz sur l'Espagne - Statistiques

Statistiques générales
  • Ce quiz a été pris 17 639 fois
  • Le résultat moyen est 17 sur 30
Statistiques - réponses
Question Réponse % Correct
Capitale et ville la plus peuplée Madrid
100%
Deuxième ville la plus peuplée Barcelone
99%
Pays frontaliers * hors exclaves et territoires d'outre-mer France
97%
Pays frontaliers * hors exclaves et territoires d'outre-mer Portugal
97%
Espagne, en espagnol España
94%
Région dans laquelle celle-ci se situe Catalogne
89%
Pays frontaliers * hors exclaves et territoires d'outre-mer Andorre
88%
Chaîne de montagnes séparant cette péninsule du reste de l'Europe Pyrénées
84%
Année marquant la découverte du Nouveau Monde par Christophe Colomb 1492
80%
Peintre de Guernica Pablo Picasso
80%
Dictateur espagnol (1939 - 1975) Francisco Franco
79%
Péninsule partagée avec ce dernier Ibérique
76%
Championnat d'Espagne de football (élite) La Liga
62%
Ville où se situe le musée Guggenheim Bilbao
61%
Îles les plus peuplées Majorque
57%
Roi actuel Felipe VI
55%
L'Hidalgo de la Manche, en littérature Don Quichotte
42%
Épice rouge qui agrémente la paëlla Safran
42%
Deux « couronnes » qui s'unirent en 1715 pour former l'Espagne Castille
38%
Ville organisant des courses de taureaux Pampelune
37%
Dynastie à laquelle il appartient Bourbon
35%
Deux « couronnes » qui s'unirent en 1715 pour former l'Espagne Aragon
32%
Conquistador ayant vaincu les Aztèques Hernán Cortés
32%
Devise monétaire, avant l'euro Peseta
32%
Îles les plus peuplées Tenerife
30%
Auteur du livre où apparaît ce personnage Miguel de Cervantes
29%
Couple royal ayant scellé cette union Isabelle
26%
Conquistador ayant vaincu les Incas Francisco Pizarro
22%
Couple royal ayant scellé cette union Ferdinand
18%
Îles les plus peuplées Grande Canarie
18%
Aucun quiz correspondant
Distribution des résultats
% des personnes avec chaque résultat
Percentile par nombre de réponses
Votre historique - résultats
Vous n’avez pas pris ce quiz